[Event "Grand Pacific op"]
[Site "Victoria CAN"]
[Date "2008.03.22"]
[Round "3.14"]
[White "Churchill, Sam"]
[Black "Morin, Glenn"]
[Result "0-1"]
[WhiteElo "1672"]
[BlackElo "2276"]
[PlyCount "72"]
[GameId "2160767910412921"]
[EventDate "2008.03.21"]
[EventType "swiss"]
[EventRounds "6"]
[EventCountry "CAN"]

1. e4 d5 2. exd5 Qxd5 3. Nc3 Qd6 4. Nf3 Nf6 5. Bb5+ c6 6. Be2 Bg4 7. d4 Nbd7 8. Ng5 Bxe2 9. Nxe2 h6 10. Nf3 O-O-O 11. Bf4 Qb4+ 12. c3 Qxb2 13. Rb1 Qa3 14. Qc2 g5 15. Be5 g4 16. Rb3 Qa5 17. Bxf6 exf6 18. Nd2 Re8 19. Nc4 Qd5 20. Ne3 Qe4 21. Qb2 b6 22. O-O Bd6 23. c4 h5 24. c5 Bc7 25. cxb6 axb6 26. Rc1 h4 27. Qa3 Kb7 28. d5 c5 29. Nc3 Qf4 30. Nb5 Qxh2+ 31. Kf1 Ra8 32. Qb2 h3 33. Nc4 Qxg2+ 34. Ke2 Rhe8+ 35. Re3 Rxe3+ 36. Nxe3 Qf3+ 0-1

[Event "Grand Pacific op"]
[Site "Victoria CAN"]
[Date "2008.03.22"]
[Round "3.16"]
[White "Lai, Peter"]
[Black "Neufahrt, Gerhard"]
[Result "1-0"]
[WhiteElo "1610"]
[BlackElo "2012"]
[PlyCount "59"]
[GameId "2160767910412922"]
[EventDate "2008.03.21"]
[EventType "swiss"]
[EventRounds "6"]
[EventCountry "CAN"]

1. d4 g6 2. c4 Bg7 3. Nc3 Nc6 4. Nf3 d6 5. h3 e5 6. d5 Nce7 7. e4 f5 8. Bd3 f4 9. Bd2 Nf6 10. Qc2 h6 11. b4 a5 12. bxa5 Rxa5 13. Nb5 Ra8 14. c5 O-O 15. cxd6 cxd6 16. Nc7 Ra3 17. Nb5 Ra8 18. Nc7 Rb8 19. Rc1 Bd7 20. Qb1 Ne8 21. Nxe8 Rxe8 22. O-O g5 23. Nh2 Ng6 24. Be2 Nh4 25. Qb3 Ra8 26. Bh5 Rf8 27. Qxb7 Rxa2 28. Rc7 Rxd2 29. Rxd7 Qf6 30. Ng4 1-0

[Event "Grand Pacific op"]
[Site "Victoria CAN"]
[Date "2008.03.22"]
[Round "3.17"]
[White "Ozkan, Charlie"]
[Black "Cletheroe, Kelvin"]
[Result "0-1"]
[WhiteElo "1950"]
[BlackElo "1645"]
[PlyCount "68"]
[GameId "2160767910412923"]
[EventDate "2008.03.21"]
[EventType "swiss"]
[EventRounds "6"]
[EventCountry "CAN"]

1. c4 e5 2. Nc3 Bb4 3. Nd5 Bc5 4. b4 Bd4 5. Rb1 c6 6. Nc3 Nf6 7. Qc2 d5 8. e3 Bb6 9. h3 O-O 10. a4 Be6 11. c5 Bc7 12. Nf3 Nbd7 13. Be2 Ne8 14. h4 e4 15. Nd4 Qe7 16. d3 f5 17. f4 exf3 18. gxf3 Be5 19. Nxe6 Qxe6 20. d4 Bg3+ 21. Kd1 f4 22. e4 dxe4 23. Nxe4 Qf5 24. h5 Ndf6 25. Bd3 Qd7 26. Bb2 Nxe4 27. Bxe4 h6 28. Qe2 Nf6 29. Bg6 Nd5 30. Ba1 Rf6 31. Rb3 Rxg6 32. hxg6 Re8 33. Qe7 Ne3+ 34. Kc1 Qd5 0-1

[Event "Grand Pacific op"]
[Site "Victoria CAN"]
[Date "2008.03.22"]
[Round "3.19"]
[White "Boyle, Phillip"]
[Black "Lee, Daniel"]
[Result "1-0"]
[WhiteElo "1696"]
[BlackElo "1017"]
[PlyCount "71"]
[GameId "2160767910412924"]
[EventDate "2008.03.21"]
[EventType "swiss"]
[EventRounds "6"]
[EventCountry "CAN"]

1. d4 e6 2. c4 c5 3. d5 e5 4. Nc3 a6 5. e4 Bd6 6. Nge2 h6 7. Ng3 g6 8. Be2 Be7 9. f4 f6 10. f5 g5 11. Bh5+ Kf8 12. d6 b5 13. Qd5 Rh7 14. cxb5 axb5 15. dxe7+ Rxe7 16. Qxa8 Nc6 17. Nxb5 Nd4 18. Nxd4 cxd4 19. Bd2 d6 20. O-O Rb7 21. Rac1 Ne7 22. Rxc8 Qxc8 23. Qxc8+ Nxc8 24. Rc1 Ne7 25. b3 Ra7 26. a4 Rb7 27. b4 Ra7 28. a5 Rb7 29. Be2 Rb8 30. b5 Rd8 31. b6 Rb8 32. Rc7 Ke8 33. Nh5 Ng8 34. Ng7+ Kd8 35. Ne6+ Ke8 36. Bb5# 1-0

[Event "Grand Pacific op"]
[Site "Victoria CAN"]
[Date "2008.03.22"]
[Round "3.19"]
[White "Herringer, Moise"]
[Black "Harris, Philip"]
[Result "1/2-1/2"]
[WhiteElo "1557"]
[BlackElo "1868"]
[PlyCount "65"]
[GameId "2160767910412925"]
[EventDate "2008.03.21"]
[EventType "swiss"]
[EventRounds "6"]
[EventCountry "CAN"]

1. Nf3 d5 2. d4 Nf6 3. e3 e6 4. c4 Bb4+ 5. Bd2 Bxd2+ 6. Nbxd2 O-O 7. Bd3 Nbd7 8. O-O c5 9. Qc2 Qe7 10. Rfe1 b6 11. e4 dxe4 12. Nxe4 cxd4 13. Nxd4 Bb7 14. Re3 Bxe4 15. Bxe4 Rac8 16. Nc6 Qc5 17. b4 Qg5 18. h4 Qxh4 19. Ne7+ Kh8 20. Nxc8 Rxc8 21. Rae1 Qf4 22. Rf3 Qd6 23. Rh3 h6 24. Qc1 Qxb4 25. Bd3 b5 26. Ree3 Ng4 27. Reg3 f5 28. Rxg4 fxg4 29. Rxh6+ gxh6 30. Qxh6+ Kg8 31. Qxe6+ Kf8 32. Qxd7 Qe1+ 33. Kh2 1/2-1/2

[Event "Grand Pacific op"]
[Site "Victoria CAN"]
[Date "2008.03.22"]
[Round "3.20"]
[White "Monahan, Darby"]
[Black "Han, Yifei"]
[Result "0-1"]
[WhiteElo "1770"]
[BlackElo "1846"]
[PlyCount "76"]
[GameId "2160767910412926"]
[EventDate "2008.03.21"]
[EventType "swiss"]
[EventRounds "6"]
[EventCountry "CAN"]

1. e4 e5 2. Nf3 Nc6 3. Bb5 a6 4. Ba4 Nf6 5. O-O Be7 6. c3 b5 7. Bc2 d6 8. d4 Bg4 9. Be3 O-O 10. Nbd2 Na5 11. b3 c5 12. dxe5 dxe5 13. Qb1 Qc7 14. Ne1 Be2 15. Nd3 Bxf1 16. Nxf1 c4 17. Nc1 cxb3 18. axb3 Qxc3 19. Bd2 Qc6 20. Rxa5 Rac8 21. Ra2 Bc5 22. Nd3 Nxe4 23. Nxc5 Nxc5 24. Bxh7+ Kh8 25. Bf5 Rcd8 26. Rc2 g6 27. Bh3 Qd6 28. f3 Qd3 29. Bc3 Rfe8 30. Qb2 Qd5 31. Rd2 Nd3 32. Rxd3 Qxd3 33. Bxe5+ Kh7 34. Bc3 Re2 35. Qa1 Rc2 36. Be5 Qe2 37. g4 Rd1 38. Qxa6 Qf2+ 0-1

[Event "Grand Pacific op"]
[Site "Victoria CAN"]
[Date "2008.03.22"]
[Round "3.22"]
[White "Polonsky, Boris"]
[Black "Tate, William"]
[Result "0-1"]
[WhiteElo "1434"]
[BlackElo "1835"]
[PlyCount "102"]
[GameId "2160767910412927"]
[EventDate "2008.03.21"]
[EventType "swiss"]
[EventRounds "6"]
[EventCountry "CAN"]

1. d4 f5 2. c3 Nf6 3. e3 e6 4. Nf3 Be7 5. Nbd2 b6 6. Bd3 Bb7 7. O-O O-O 8. Re1 d5 9. a3 Qc8 10. Ne5 c6 11. Ndf3 Ne4 12. c4 Nd7 13. Nxd7 Qxd7 14. Ne5 Qe8 15. f3 Nf6 16. Bd2 Bd6 17. Bb4 c5 18. Bc3 Bxe5 19. dxe5 Nh5 20. g4 fxg4 21. fxg4 d4 22. Qc2 Qc6 23. e4 dxc3 24. gxh5 cxb2 25. Qxb2 Rf4 26. Re3 Raf8 27. Rf1 Qe8 28. Rxf4 Rxf4 29. Qe2 Qd8 30. Rg3 Qd4+ 31. Kg2 Bxe4+ 32. Bxe4 Qxe4+ 33. Qxe4 Rxe4 34. h6 g6 35. Rd3 Rd4 36. Rxd4 cxd4 37. h4 g5 38. hxg5 Kf7 39. Kf3 d3 40. Ke3 d2 41. Kxd2 Kg6 42. Ke3 Kxg5 43. Kd4 Kxh6 44. c5 bxc5+ 45. Kxc5 Kg6 46. a4 h5 47. a5 h4 48. Kc6 h3 49. Kb7 h2 50. Kxa7 h1=Q 51. a6 Kf5 0-1

[Event "Grand Pacific op"]
[Site "Victoria CAN"]
[Date "2008.03.22"]
[Round "3.23"]
[White "Han, Yiming"]
[Black "Rhodes, Tim"]
[Result "1-0"]
[WhiteElo "1831"]
[BlackElo "1459"]
[PlyCount "59"]
[GameId "2160767910412928"]
[EventDate "2008.03.21"]
[EventType "swiss"]
[EventRounds "6"]
[EventCountry "CAN"]

1. e4 c5 2. Nf3 d6 3. d4 cxd4 4. Nxd4 Nf6 5. Nc3 a6 6. Be3 Nc6 7. f3 e6 8. Qd2 Bd7 9. O-O-O h5 10. Bg5 Be7 11. h4 Nxd4 12. Qxd4 e5 13. Qd2 Be6 14. Bxf6 gxf6 15. Nd5 Rc8 16. Nxe7 Kxe7 17. f4 Bg4 18. Re1 Rg8 19. Be2 Rc4 20. Bxg4 Rxg4 21. fxe5 fxe5 22. Rhf1 Rg6 23. Qf2 Qg8 24. Re2 Qg7 25. Rd2 Re6 26. Qa7 Rc7 27. Qb6 Rd7 28. Qb3 Rg6 29. Rxf7+ Qxf7 30. Qxf7+ 1-0

[Event "Grand Pacific op"]
[Site "Victoria CAN"]
[Date "2008.03.22"]
[Round "3.24"]
[White "Zhao, Donovan"]
[Black "Sohal, Tanraj"]
[Result "0-1"]
[WhiteElo "1520"]
[BlackElo "1825"]
[PlyCount "128"]
[GameId "2160767910412929"]
[EventDate "2008.03.21"]
[EventType "swiss"]
[EventRounds "6"]
[EventCountry "CAN"]

1. e4 c5 2. Nf3 Nc6 3. d4 cxd4 4. Nxd4 Nf6 5. Nc3 e6 6. Nxc6 bxc6 7. a3 d5 8. exd5 exd5 9. Bg5 Bd6 10. Bd3 O-O 11. O-O Rb8 12. b4 Be5 13. Qd2 Qc7 14. g3 h6 15. Bxf6 Bxf6 16. Rab1 Bd7 17. Na4 Qd6 18. Nc5 Kh8 19. Nxd7 Qxd7 20. Be2 Rfe8 21. Bf3 Qc7 22. Rfe1 Rbd8 23. Rxe8+ Rxe8 24. Re1 Re5 25. Rxe5 Qxe5 26. Qd3 Qa1+ 27. Kg2 Qb2 28. c4 Bd4 29. Be2 Kg8 30. cxd5 cxd5 31. Qf3 Bc3 32. b5 Qd2 33. Qd3 Kf8 34. Qxd2 Bxd2 35. Kf3 Ke7 36. Bd1 Kd6 37. Ke2 Bc3 38. Kd3 Bb2 39. a4 Kc5 40. f3 Bd4 41. h3 Be5 42. g4 g5 43. Bc2 Kb4 44. Bd1 Kc5 45. Bb3 f6 46. Bc2 Kd6 47. Bb3 Bb2 48. a5 Be5 49. a6 Kc5 50. Ba2 Kxb5 51. Bxd5 Kxa6 52. Kc4 Kb6 53. Kb4 a5+ 54. Ka4 Kc5 55. Be4 Bc3 56. Bf5 Kd4 57. Be4 Ke3 58. Kb3 Bb4 59. Ka4 Kf4 60. Bd5 Kg3 61. Bf7 Kxf3 62. Bg6 Kg3 63. Bf5 Kxh3 64. Be6 Kh4 0-1

[Event "Grand Pacific op"]
[Site "Victoria CAN"]
[Date "2008.03.22"]
[Round "3.28"]
[White "Hui, Jeremy"]
[Black "Raymer, Elliot"]
[Result "0-1"]
[WhiteElo "1318"]
[BlackElo "1773"]
[PlyCount "26"]
[GameId "2160767910412930"]
[EventDate "2008.03.21"]
[EventType "swiss"]
[EventRounds "6"]
[EventCountry "CAN"]

1. e4 e5 2. Nf3 Nc6 3. Bc4 Nf6 4. Ng5 d5 5. exd5 Na5 6. Bb5+ c6 7. dxc6 bxc6 8. Be2 h6 9. Nf3 e4 10. Ng1 Bc5 11. Nc3 Qd4 12. d3 Qxf2+ 13. Kd2 Qe3+ 0-1

[Event "Grand Pacific op"]
[Site "Victoria CAN"]
[Date "2008.03.22"]
[Round "3.31"]
[White "Doknjas, John"]
[Black "Torres-Lopez, Alejandro"]
[Result "1-0"]
[WhiteElo "1406"]
[BlackElo "1133"]
[PlyCount "111"]
[GameId "2160767910412931"]
[EventDate "2008.03.21"]
[EventType "swiss"]
[EventRounds "6"]
[EventCountry "CAN"]

1. d4 d5 2. c4 Nf6 3. Nc3 c6 4. cxd5 cxd5 5. Nf3 e6 6. Bf4 Ne4 7. Nxe4 dxe4 8. Ng5 Bb4+ 9. Bd2 Qxg5 10. Bxb4 Nc6 11. Bc3 O-O 12. e3 Qd5 13. b3 b5 14. h4 Bb7 15. h5 Rad8 16. Qg4 Bc8 17. Qg3 f6 18. Rh4 e5 19. Rd1 a6 20. Be2 exd4 21. Bxd4 Qg5 22. Rxe4 Qxg3 23. fxg3 Bb7 24. Bc5 Rxd1+ 25. Bxd1 Rd8 26. Re6 Kf7 27. Rd6 Rxd6 28. Bxd6 Na5 29. Bf3 Bxf3 30. gxf3 Nb7 31. Ba3 Ke6 32. Kd2 Ke5 33. Kd3 Nd8 34. f4+ Kf5 35. Kd4 Kg4 36. Kd5 Kxh5 37. Be7 Nf7 38. Ke6 Nh6 39. Bf8 Kg6 40. e4 Nf7 41. f5+ Kh5 42. Kxf7 Kg4 43. Kxg7 h5 44. Kxf6 Kxg3 45. e5 h4 46. e6 h3 47. Bd6+ Kg2 48. e7 h2 49. Bxh2 Kxh2 50. e8=Q Kg3 51. Qe3+ Kg4 52. Kg6 Kh4 53. f6 Kg4 54. f7 Kh4 55. f8=Q Kg4 56. Qff4# 1-0

[Event "Grand Pacific op"]
[Site "Victoria CAN"]
[Date "2008.03.22"]
[Round "3.32"]
[White "Martin, Nathan"]
[Black "Lo, Ryan"]
[Result "0-1"]
[WhiteElo "1310"]
[BlackElo "984"]
[PlyCount "120"]
[GameId "2160767910412932"]
[EventDate "2008.03.21"]
[EventType "swiss"]
[EventRounds "6"]
[EventCountry "CAN"]

1. e4 e5 2. Nf3 Nc6 3. Bb5 f6 4. O-O a6 5. Ba4 Bc5 6. Nc3 b5 7. Bb3 d6 8. Bd5 Bb7 9. a3 Nce7 10. Ba2 Qd7 11. b4 Bb6 12. Nd5 Nxd5 13. Bxd5 O-O-O 14. c3 Ne7 15. Bxb7+ Kxb7 16. d4 g5 17. d5 h5 18. Re1 Rh7 19. Be3 Rdh8 20. Bxb6 cxb6 21. g3 h4 22. g4 Qxg4+ 23. Kf1 Qh3+ 24. Ke2 g4 25. Nd2 Qxh2 26. Rh1 Qf4 27. a4 g3 28. Qf1 Qxf2+ 29. Qxf2 gxf2 30. Kxf2 bxa4 31. Rxa4 h3 32. Nc4 Nc8 33. Ne3 h2 34. Ra2 Ne7 35. Ng4 f5 36. Nf6 Rh6 37. Nd7 Kc7 38. Rxa6 Kxd7 39. Ra7+ Ke8 40. exf5 Nxf5 41. Rb7 Rg8 42. Rb8+ Kf7 43. Rb7+ Ne7 44. c4 Rg4 45. Rc7 Rhh4 46. Ke3 Rxc4 47. Rxc4 Rxc4 48. Rxh2 Rxb4 49. Rh7+ Kf6 50. Rh6+ Ng6 51. Kd3 Rd4+ 52. Ke3 Rxd5 53. Rh1 Rc5 54. Ra1 Rc7 55. Ra6 Rb7 56. Ke4 Nf4 57. Ke3 b5 58. Rxd6+ Kf5 59. Rd1 b4 60. Rf1 b3 0-1

[Event "Grand Pacific op"]
[Site "Victoria CAN"]
[Date "2008.03.22"]
[Round "3.34"]
[White "Ding, Jill"]
[Black "Karavai, Algerd"]
[Result "0-1"]
[WhiteElo "943"]
[BlackElo "1190"]
[PlyCount "120"]
[GameId "2160767910412933"]
[EventDate "2008.03.21"]
[EventType "swiss"]
[EventRounds "6"]
[EventCountry "CAN"]

1. e4 e5 2. d4 Nc6 3. Nf3 exd4 4. Bc4 Nf6 5. O-O Bc5 6. c3 dxc3 7. bxc3 d6 8. Bf4 Bg4 9. Qd3 O-O 10. e5 dxe5 11. Bxe5 Qxd3 12. Bxd3 Bxf3 13. Bxf6 gxf6 14. gxf3 Kh8 15. Re1 Rg8+ 16. Kf1 Bd6 17. h3 Bh2 18. Ke2 Rae8+ 19. Kd1 Rxe1+ 20. Kxe1 Rg1+ 21. Bf1 Ne5 22. Na3 Nxf3+ 23. Ke2 Ng5 24. h4 Ne4 25. c4 Be5 26. Rd1 Nc3+ 27. Ke1 Nxd1 28. Kxd1 Rxf1+ 29. Ke2 Ra1 30. Nc2 Rxa2 31. Kd3 a5 32. f3 c6 33. c5 Kg7 34. Ne3 Ra3+ 35. Ke4 Ra4+ 36. Kd3 Bd4 37. Nf5+ Kg6 38. Nxd4 Kh5 39. Nf5 Ra3+ 40. Ke4 Ra4+ 41. Ke3 Rxh4 42. Nxh4 Kxh4 43. Ke4 a4 44. Kd3 Kg3 45. Kc4 h5 46. Kb4 h4 47. Ka5 h3 48. Kb6 h2 49. Kxb7 h1=Q 50. Kxc6 Qxf3+ 51. Kb6 Kf4 52. c6 Ke5 53. c7 Qb3+ 54. Kc6 Qc4+ 55. Kb6 Kd6 56. c8=Q Qxc8 57. Kb5 Qc5+ 58. Kxa4 Qb6 59. Ka3 Kc5 60. Ka4 Qb4# 0-1

[Event "Grand Pacific op"]
[Site "Victoria CAN"]
[Date "2008.03.22"]
[Round "3.35"]
[White "Beaudin, Jesse"]
[Black "Tyler, Ron"]
[Result "1-0"]
[WhiteElo "1945"]
[BlackElo "1273"]
[PlyCount "77"]
[GameId "2160767910412934"]
[EventDate "2008.03.21"]
[EventType "swiss"]
[EventRounds "6"]
[EventCountry "CAN"]

1. e4 c5 2. Nf3 a6 3. d4 cxd4 4. Nxd4 Nc6 5. Nc3 e6 6. f4 d6 7. Be2 Nxd4 8. Qxd4 b5 9. Be3 Ne7 10. O-O Nc6 11. Qd2 Be7 12. f5 O-O 13. g4 h6 14. Rad1 f6 15. fxe6 Bxe6 16. Nd5 Qc8 17. Nb6 Qb8 18. Nxa8 Qxa8 19. h3 Rd8 20. b3 d5 21. exd5 Bxd5 22. Bb6 Rd7 23. Bf3 Bxf3 24. Qxd7 Bxd1 25. Rxd1 Bf8 26. Qd5+ Kh8 27. c4 Qe8 28. Bf2 bxc4 29. bxc4 Bb4 30. c5 Ne5 31. Qd8 Qxd8 32. Rxd8+ Kh7 33. Rd6 a5 34. Ra6 Kg8 35. c6 Nxc6 36. Rxc6 Kf7 37. Rc7+ Kg6 38. Bc5 Bc3 39. Bf8 1-0

[Event "Grand Pacific op"]
[Site "Victoria CAN"]
[Date "2008.03.22"]
[Round "3.35"]
[White "Herringer, Greg"]
[Black "Lam, Karen"]
[Result "0-1"]
[WhiteElo "1155"]
[BlackElo "921"]
[PlyCount "74"]
[GameId "2160767910412935"]
[EventDate "2008.03.21"]
[EventType "swiss"]
[EventRounds "6"]
[EventCountry "CAN"]

1. d4 d5 2. Nf3 Nc6 3. c3 Nf6 4. Nbd2 Bg4 5. h3 Bxf3 6. exf3 e6 7. f4 Bd6 8. Nf3 O-O 9. Bd3 b6 10. O-O Qe8 11. Re1 a6 12. b4 a5 13. b5 Na7 14. a4 c6 15. f5 Qd7 16. Ne5 Bxe5 17. dxe5 Ne8 18. Ba3 c5 19. Qg4 g6 20. f6 Nc7 21. Qg5 Kh8 22. Bc1 c4 23. Ba3 Rg8 24. Bc2 d4 25. cxd4 Qxd4 26. Qe3 Qxe3 27. Rxe3 Nd5 28. Rd1 Nxe3 29. Rd7 Nxc2 30. Bc1 Rad8 31. Rxf7 Rd1+ 32. Kh2 Rxc1 33. Re7 Nc8 34. Rxe6 c3 35. f7 Rf8 36. Re8 Kg7 37. e6 Nd4 0-1

[Event "Grand Pacific op"]
[Site "Victoria CAN"]
[Date "2008.03.22"]
[Round "3.36"]
[White "Wright, Ivo"]
[Black "Lam, Kenneth"]
[Result "1-0"]
[WhiteElo "1113"]
[BlackElo "880"]
[PlyCount "67"]
[GameId "2160767910412936"]
[EventDate "2008.03.21"]
[EventType "swiss"]
[EventRounds "6"]
[EventCountry "CAN"]

1. d4 c5 2. c3 d6 3. e3 e5 4. Nd2 Nf6 5. Bd3 Bg4 6. Ngf3 Be7 7. O-O O-O 8. h3 Bxf3 9. Qxf3 Qc7 10. Re1 Nc6 11. d5 e4 12. Bxe4 Ne5 13. Qe2 c4 14. b3 b5 15. Ba3 Nd3 16. Bxd3 cxd3 17. Qxd3 a6 18. c4 Qa5 19. Bb2 b4 20. Ne4 Nh5 21. Qd4 Bf6 22. Nxf6+ Nxf6 23. e4 Rae8 24. Kh1 h6 25. f4 g5 26. e5 Nd7 27. e6 f6 28. exd7 Rxe1+ 29. Rxe1 Qxa2 30. Re8 Qb1+ 31. Kh2 Qg6 32. Rxf8+ Kh7 33. Qxf6 Qc2 34. Qf7# 1-0

[Event "Grand Pacific op"]
[Site "Victoria CAN"]
[Date "2008.03.22"]
[Round "3.37"]
[White "Chiu, Kenneth"]
[Black "Simpson, Christopher"]
[Result "0-1"]
[WhiteElo "871"]
[BlackElo "1111"]
[PlyCount "83"]
[GameId "2160767910412937"]
[EventDate "2008.03.21"]
[EventType "swiss"]
[EventRounds "6"]
[EventCountry "CAN"]

1. e4 c5 2. d3 Nc6 3. c3 g6 4. Nf3 d6 5. h3 Bg7 6. Ng5 Nf6 7. Qb3 O-O 8. Be2 Bh6 9. O-O e5 10. d4 cxd4 11. Bc4 Bxg5 12. Bxg5 Qe7 13. cxd4 Nxd4 14. Qb4 Nc2 15. Qc3 Nxa1 16. Na3 Be6 17. Rxa1 Rac8 18. Qf3 Bxc4 19. Nxc4 Rxc4 20. Bxf6 Qe6 21. b3 Rd4 22. g4 d5 23. exd5 Rxd5 24. Rd1 Rxd1+ 25. Qxd1 Qxf6 26. a4 Rd8 27. Qe2 Qd6 28. Kg2 Qd5+ 29. f3 Qd2 30. Kf2 Qxe2+ 31. Kxe2 Rc8 32. Ke3 Rc3+ 33. Kf2 Rxb3 34. h4 b5 35. a5 b4 36. Ke2 Rc3 37. h5 b3 38. hxg6 hxg6 39. f4 exf4 40. Kd2 b2 41. Kxc3 b1=Q 42. Kd2 0-1

[Event "Grand Pacific op"]
[Site "Victoria CAN"]
[Date "2008.03.22"]
[Round "3.38"]
[White "Wong, Justin"]
[Black "Evans, David"]
[Result "0-1"]
[WhiteElo "1080"]
[BlackElo "1165"]
[PlyCount "61"]
[GameId "2160767910412938"]
[EventDate "2008.03.21"]
[EventType "swiss"]
[EventRounds "6"]
[EventCountry "CAN"]

1. e4 e5 2. Nf3 Nf6 3. Nxe5 Nxe4 4. Qe2 Nd6 5. Nc6+ Be7 6. Nxd8 Kxd8 7. Qg4 Nc6 8. Qxg7 Re8 9. Qxh7 Nd4 10. c3 N4b5 11. Bxb5 Nxb5 12. Qxf7 b6 13. Qf3 c6 14. O-O Bd6 15. g3 Bb7 16. d4 Kc7 17. Bf4 c5 18. Bxd6+ Nxd6 19. Qf4 Re4 20. Qg5 Rae8 21. Nd2 Re2 22. dxc5 R8e5 23. cxd6+ Kc6 24. Qf4 b5 25. c4 Ba6 26. cxb5+ Bxb5 27. Rac1+ Kb6 28. Qd4+ Ka6 29. Nc4 R5e4 30. Qd3 Bxc4 31. Rxc4 0-1

[Event "Grand Pacific op"]
[Site "Victoria CAN"]
[Date "2008.03.23"]
[Round "4"]
[White "Bowles, Malcolm"]
[Black "Escandor, Manuel Omana"]
[Result "1-0"]
[WhiteElo "1423"]
[BlackElo "1809"]
[PlyCount "85"]
[GameId "2160767910412939"]
[EventDate "2008.03.21"]
[EventType "swiss"]
[EventRounds "6"]
[EventCountry "CAN"]

1. d4 d5 2. Nf3 Bg4 3. Nbd2 Nf6 4. e3 h6 5. Be2 e6 6. c4 c5 7. b3 Nc6 8. O-O Bd6 9. Bb2 O-O 10. Rc1 cxd4 11. Nxd4 Bxe2 12. Qxe2 Ne5 13. N4f3 Neg4 14. h3 Qc7 15. hxg4 Nxg4 16. cxd5 Qe7 17. Ne4 exd5 18. Nxd6 Qxd6 19. g3 Rae8 20. Nh4 Nxe3 21. fxe3 Qxg3+ 22. Qg2 Qxe3+ 23. Rf2 g5 24. Nf5 Qb6 25. Bd4 Qg6 26. Qxd5 Re6 27. Qxb7 Rfe8 28. Ne7+ R6xe7 29. Qxe7 Qe6 30. Qxe6 Rxe6 31. Rc8+ Kh7 32. Rxf7+ Kg6 33. Rg7+ Kh5 34. Rf7 Kg6 35. Rf1 g4 36. Rf6+ Rxf6 37. Bxf6 Kxf6 38. Rg8 Kf5 39. Kg2 h5 40. Kg3 Ke4 41. Rg5 Kd3 42. Rxh5 Kc3 43. Ra5 1-0

[Event "Grand Pacific op"]
[Site "Victoria CAN"]
[Date "2008.03.23"]
[Round "4"]
[White "Bragg, David"]
[Black "Cheng, Bindi"]
[Result "0-1"]
[WhiteElo "2226"]
[BlackElo "2352"]
[PlyCount "62"]
[GameId "2160767910412940"]
[EventDate "2008.03.21"]
[EventType "swiss"]
[EventRounds "6"]
[EventCountry "CAN"]
[SourceTitle "EXT 2011"]
[Source "ChessBase"]
[SourceDate "2011.11.26"]
[SourceVersion "1"]
[SourceVersionDate "2011.11.26"]
[SourceQuality "1"]

1. e4 c5 2. Nf3 d6 3. c3 Nf6 4. Bd3 g6 5. O-O Bg7 6. Bc2 O-O 7. h3 Nc6 8. Re1 e5 9. d4 cxd4 10. cxd4 exd4 11. Nxd4 Nxd4 12. Qxd4 Re8 13. Qd1 d5 14. Nc3 d4 15. e5 dxc3 16. Qxd8 Rxd8 17. Bg5 Rd5 18. Bxf6 Rd2 19. Rad1 Be6 20. Be4 Bxf6 21. exf6 Rad8 22. Rxd2 cxd2 23. Rd1 Bxa2 24. Bc2 Bc4 25. Ra1 a6 26. f3 Be2 27. Bd1 Rc8 28. Kf2 Bb5 29. Ra3 Rc1 30. Rc3 h6 31. Bb3 d1=N+ 0-1

[Event "Grand Pacific op"]
[Site "Victoria CAN"]
[Date "2008.03.23"]
[Round "4"]
[White "Daswani, Benedict"]
[Black "Jarquin, Charlie"]
[Result "1-0"]
[WhiteElo "2078"]
[BlackElo "1839"]
[PlyCount "33"]
[GameId "2160767910412941"]
[EventDate "2008.03.21"]
[EventType "swiss"]
[EventRounds "6"]
[EventCountry "CAN"]

1. g3 d5 2. d3 e5 3. Nf3 Bd6 4. Bg2 c6 5. O-O Ne7 6. c4 d4 7. a3 a5 8. Nbd2 Nd7 9. Rb1 O-O 10. b4 axb4 11. axb4 b6 12. e3 dxe3 13. fxe3 Bb7 14. Ne4 Bc7 15. Nfg5 g6 16. Bh3 h6 17. Nxf7 1-0

[Event "Grand Pacific op"]
[Site "Victoria CAN"]
[Date "2008.03.23"]
[Round "4"]
[White "Datcu-Romano, Alex"]
[Black "Monahan, Darby"]
[Result "0-1"]
[WhiteElo "1046"]
[BlackElo "1770"]
[PlyCount "82"]
[GameId "2160767910412942"]
[EventDate "2008.03.21"]
[EventType "swiss"]
[EventRounds "6"]
[EventCountry "CAN"]

1. e4 c5 2. Nf3 a6 3. d4 cxd4 4. Nxd4 d6 5. Bd3 Nf6 6. Nc3 e6 7. O-O Be7 8. Be3 e5 9. Nf3 Bg4 10. h3 Bh5 11. Be2 Nbd7 12. Rc1 Nc5 13. g4 Bg6 14. Bd3 Ncxe4 15. Nxe4 Bxe4 16. g5 Bxf3 17. Qxf3 Nd7 18. Qxb7 Bxg5 19. Bxg5 f6 20. Be3 O-O 21. Qd5+ Kh8 22. Qxd6 f5 23. Bxa6 Rf6 24. Qd5 Raxa6 25. Rfd1 Rad6 26. Qb3 Nf8 27. Bc5 Rxd1+ 28. Rxd1 Qxd1+ 29. Kg2 Rg6+ 30. Qg3 Rxg3+ 31. Kxg3 f4+ 32. Kh4 Ng6+ 33. Kg5 Qd8+ 34. Kg4 Qc8+ 35. Kf3 Qxc5 36. a4 h5 37. c3 Qd5+ 38. Ke2 e4 39. c4 Qxc4+ 40. Ke1 f3 41. b3 Qc1# 0-1

[Event "Grand Pacific op"]
[Site "Victoria CAN"]
[Date "2008.03.23"]
[Round "4"]
[White "Davies, Lucas"]
[Black "Kostin, Andrey"]
[Result "1/2-1/2"]
[WhiteElo "2230"]
[BlackElo "2043"]
[PlyCount "54"]
[GameId "2160767910412943"]
[EventDate "2008.03.21"]
[EventType "swiss"]
[EventRounds "6"]
[EventCountry "CAN"]
[SourceTitle "EXT 2011"]
[Source "ChessBase"]
[SourceDate "2011.11.26"]
[SourceVersion "1"]
[SourceVersionDate "2011.11.26"]
[SourceQuality "1"]

1. e4 e5 2. Nf3 Nc6 3. Bb5 a6 4. Ba4 Nf6 5. O-O Be7 6. Re1 b5 7. Bb3 d6 8. c3 O-O 9. h3 h6 10. d4 Re8 11. a4 Bd7 12. Nbd2 Bf8 13. d5 Na5 14. Bc2 c6 15. b4 Nb7 16. dxc6 Bxc6 17. c4 Qc7 18. Ba3 bxc4 19. Nxc4 Rad8 20. Qb1 Bxe4 21. Bxe4 Nxe4 22. Rxe4 d5 23. Rxe5 dxc4 24. Rxe8 Rxe8 25. b5 axb5 26. Bxf8 Rxf8 27. Qxb5 Na5 1/2-1/2

[Event "Grand Pacific op"]
[Site "Victoria CAN"]
[Date "2008.03.23"]
[Round "4"]
[White "Davies, Noam"]
[Black "Wu, Howard"]
[Result "0-1"]
[WhiteElo "2124"]
[BlackElo "2257"]
[PlyCount "52"]
[GameId "2160767910412944"]
[EventDate "2008.03.21"]
[EventType "swiss"]
[EventRounds "6"]
[EventCountry "CAN"]
[SourceTitle "EXT 2011"]
[Source "ChessBase"]
[SourceDate "2011.11.26"]
[SourceVersion "1"]
[SourceVersionDate "2011.11.26"]
[SourceQuality "1"]

1. e4 c5 2. Nf3 Nc6 3. d4 cxd4 4. Nxd4 g6 5. Be3 Bg7 6. Nc3 Nf6 7. Bc4 O-O 8. O-O d6 9. h3 Bd7 10. Nxc6 Bxc6 11. Qd3 Qa5 12. f4 a6 13. a4 Nxe4 14. Nxe4 d5 15. Bxd5 Qxd5 16. Qxd5 Bxd5 17. Nc5 Bxb2 18. Rab1 Ba3 19. Nxb7 Rfc8 20. c4 Rxc4 21. Rfd1 e6 22. a5 Rb8 23. Rb6 Rc2 24. Bf2 Rxb7 25. Rxd5 exd5 26. Rxb7 Bc5 0-1

[Event "Grand Pacific op"]
[Site "Victoria CAN"]
[Date "2008.03.23"]
[Round "4"]
[White "Ding, Jill"]
[Black "Joe, Jacky"]
[Result "1-0"]
[WhiteElo "943"]
[BlackElo "791"]
[PlyCount "33"]
[GameId "2160767910412945"]
[EventDate "2008.03.21"]
[EventType "swiss"]
[EventRounds "6"]
[EventCountry "CAN"]

1. e4 e5 2. d4 Nc6 3. Nf3 Nf6 4. Bc4 g6 5. dxe5 Nxe4 6. Bxf7+ Kxf7 7. Qd5+ Ke7 8. Qxe4 Ke8 9. Nc3 Na5 10. O-O c6 11. Rd1 Qb6 12. Ng5 d5 13. exd6+ Kd8 14. Nf7+ Kd7 15. Ne2 Rg8 16. Nf4 Rg7 17. Qe6# 1-0